Classement des nations aux Jeux du Pacifique depuis 1963 - Statistiques

Statistiques générales
  • Ce quiz a été pris 4 fois
  • Le résultat moyen est 11 sur 24
Statistiques - réponses
Rang Or Argent Bronze Total Pays % Correct
3 443 515 538 1496 Fidji
100%
1 993 784 689 2466 Nouvelle-Calédonie
100%
4 499 473 485 1457 Papouasie-Nouvelle-Guinée
100%
5 266 214 222 702 Samoa
100%
2 574 503 529 1606 Tahiti
100%
11 100 52 35 187 Australie
50%
6 72 112 140 324 Guam
50%
13 36 57 80 173 Iles {Cook}
50%
9 31 88 122 241 Iles {Salomon}
50%
19 7 15 19 41 Ile {Norfolk}
25%
18 13 13 18 44 Iles {Mariannes}
25%
21 5 7 15 27 Iles {Marshall}
25%
15 15 28 39 82 Kiribati
25%
17 23 15 10 48 Micronésie
25%
7 111 79 67 257 Nauru
25%
22 2 6 13 21 Niue
25%
16 19 32 28 79 Nouvelle-Zélande
25%
20 9 14 16 39 Palaos
25%
12 45 51 84 180 Samoa américaines
25%
24 3 2 2 7 Tokelau
25%
8 60 74 114 248 Tonga
25%
23 2 9 6 17 Tuvalu
25%
10 32 68 111 211 Vanuatu
25%
14 28 48 91 167 Wallis-et-Futuna
25%
Aucun quiz correspondant
Distribution des résultats
% des personnes avec chaque résultat
Percentile par nombre de réponses
Votre historique - résultats
Vous n’avez pas pris ce quiz